Central Library OPAC University of Rajshahi

Introduction to computer science : (Record no. 68532)

MARC details
000 -LEADER
fixed length control field 00839nam a2200265 a 4500
001 - CONTROL NUMBER
control field 68532
003 - CONTROL NUMBER IDENTIFIER
rucl marc code BD-RjUL
005 - DATE AND TIME OF LATEST TRANSACTION
control field 20211209081801.0
008 - FIXED-LENGTH DATA ELEMENTS--GENERAL INFORMATION
fixed length control field 170403s1979 nyua b 001 0 eng d
020 ## - INTERNATIONAL STANDARD BOOK NUMBER
International Standard Book Number 0829901876 :
Terms of availability $15.95
035 ## - SYSTEM CONTROL NUMBER
System control number (BD-RjUL)68742
040 ## - CATALOGING SOURCE
Original cataloging agency BD-RjUL
Transcribing agency BD-RjUL
Modifying agency BD-RjUL
Language of cataloging eng
041 ## - LANGUAGE CODE
Language code of text/sound track or separate title eng
082 00 - DEWEY DECIMAL CLASSIFICATION NUMBER
Classification number 004
Edition number 23
Author mark and year GRI 1979
100 1# - MAIN ENTRY--PERSONAL NAME
Personal name Graham, Neill,
Dates associated with a name 1941-
9 (RLIN) 203123
245 10 - TITLE STATEMENT
Title Introduction to computer science :
Remainder of title a structured approach /
Statement of responsibility, etc. Neill Graham.
260 ## - PUBLICATION, DISTRIBUTION, ETC. (IMPRINT)
Place of publication, distribution, etc. St. Paul :
Name of publisher, distributor, etc. West Pub. Co.,
Date of publication, distribution, etc. c1979.
300 ## - PHYSICAL DESCRIPTION
Pagination xiii, 511 p. :
Illustrations ill. ;
Size 26 cm.
504 ## - BIBLIOGRAPHY, ETC. NOTE
Bibliography, etc Includes bibliography and index.
650 #0 - SUBJECT ADDED ENTRY--TOPICAL TERM
Topical term or geographic name as entry element Electronic data processing
9 (RLIN) 203124
Topical term or geographic name as entry element Structured programming
9 (RLIN) 118203
Topical term or geographic name as entry element FORTRAN (Computer program language)
9 (RLIN) 152242
942 ## - ADDED ENTRY ELEMENTS (KOHA)
Source of classification or shelving scheme Dewey Decimal Classification
Koha item type Books
Holdings
Lost status Source of classification or shelving scheme Damaged status Not for loan Collection code Permanent Location Current Location Shelving location Date acquired Source of acquisition Total Checkouts Full call number Date last seen Copy number Koha item type
  Dewey Decimal Classification   Not For Loan Non-fiction Central Library, University of Rajshahi Central Library, University of Rajshahi Reading Room 08/10/1985 Asia Foundation   004 GRI 1979 03/04/2017 C-1 Books